| 000 | 02047nam a2200289 a 4500 | ||
|---|---|---|---|
| 999 |
_c688 _d688 |
||
| 003 | AR-BaISA | ||
| 005 | 20220512202808.0 | ||
| 007 | ta | ||
| 008 | 191120s2008 xxu||||| |||| 00| 0 spa d | ||
| 020 | _a9508922443 | ||
| 020 | _a9789508922441 | ||
| 040 | _cAR-BaISA | ||
| 082 | 0 | 4 |
_222 _a361.25 M662 |
| 245 | 0 | 0 |
_aEvaluación por triangulación de métodos: _babordaje de programas sociales / _cMaria Cecilia de Souza Minayo, Simone Gonçalves de Assis y Edinilsa Ramos de Souza |
| 260 |
_aBuenos Aires: _bLugar, _c2008 |
||
| 300 | _a243 p. | ||
| 490 | 1 |
_aSalud colectiva _v; 25 |
|
| 504 | _aBibliografía al final de cada capitulo | ||
| 505 |
_tMaria Cecilia de Souza Minayo / Concepto de evaluación por triangulación de métodos -- _tMaria Cecilia de Souza Minayo / Cambio: concepto clave para intervenciones sociales y evaluación de programas -- _tSimone Gonçalves de Assus, Maria Cecilia de Souza Minayo, Edinilsa Ramos de Souza y Nilton C. Dos Santos / Definición de objetivos y construcción de indicadores aplicados a la triangulación -- _tEdinilsa Ramos de Souza, Maria Cecilia de Souza Minayo, Suely Ferreira Deslandes y Joâo P. Costa Da Veiga / Construcción de los instrumentos cualitativos y cuantitativos -- _tSuely Ferreira Deslandes / Trabajo de campo: construcción de informaciones cualitativas y cuantitativas -- _tRomeu Gomes, Edinilsa Ramos de Souza, Maria Cecilia de Souza Minayo, Juaci V. Malaquias y Cláudio F. Ribeiro Da Silva / Organización, procesamiento, análisis e interpretación de datos: el desafío de la triangulación -- _tSimone Gonçalves de Assis, Kathie Njaine, Maria Cecilia de Souza Minayo y Nilton C. Dos Santos / Presentación y divulgación de resultados |
||
| 650 | 1 | 4 |
_91075 _aEvaluación de proyectos sociales |
| 650 | 1 | 4 |
_91655 _aMétodo de revisión y evaluación de programas |
| 700 | 1 |
_91654 _aMinayo, María Cecilia de Souza |
|
| 700 | 1 |
_91657 _aGonçalves de Assis, Simone |
|
| 700 | 1 |
_91658 _aRamos de Souza, Edinilsa |
|
| 830 | 0 |
_9657 _aSalud colectiva _v25 |
|
| 942 |
_2ddc _cLI |
||